Central Library OPAC University of Rajshahi

গাজীমামার বৈঠকি গল্প / (Record no. 64058)

MARC details
000 -LEADER
fixed length control field 00801nam a2200229 a 4500
001 - CONTROL NUMBER
control field 64058
003 - CONTROL NUMBER IDENTIFIER
rucl marc code BD-RjUL
005 - DATE AND TIME OF LATEST TRANSACTION
control field 20211209081251.0
008 - FIXED-LENGTH DATA ELEMENTS--GENERAL INFORMATION
fixed length control field 170208s2008 bg a|||| |||| 00| f ben d
020 ## - INTERNATIONAL STANDARD BOOK NUMBER
International Standard Book Number 9847016700026
Terms of availability : Tk. 75.00
035 ## - SYSTEM CONTROL NUMBER
System control number (BD-RjUL)64188
040 ## - CATALOGING SOURCE
Original cataloging agency BD-RjUL
Language of cataloging ben
Transcribing agency BD-RjUL
Modifying agency BD-RjUL
041 ## - LANGUAGE CODE
Language code of text/sound track or separate title ben
082 ## - DEWEY DECIMAL CLASSIFICATION NUMBER
Edition number 23
Classification number 891.443
Author mark and year MAG 2008
100 ## - MAIN ENTRY--PERSONAL NAME
Personal name মাহমুদ, অনীক
9 (RLIN) 171024
245 10 - TITLE STATEMENT
Title গাজীমামার বৈঠকি গল্প /
Statement of responsibility, etc. অনীক মাহমুদ
260 ## - PUBLICATION, DISTRIBUTION, ETC. (IMPRINT)
Place of publication, distribution, etc. ঢাকা :
Name of publisher, distributor, etc. রহমান বুকস,
Date of publication, distribution, etc. ২০০৮
300 ## - PHYSICAL DESCRIPTION
Pagination ৮৮ পৃ. :
Illustrations চিত্র ;
Size ২২ সেমি.
650 ## - SUBJECT ADDED ENTRY--TOPICAL TERM
Topical term or geographic name as entry element বাংলা ছোটগল্প
9 (RLIN) 170454
Topical term or geographic name as entry element Bengali Short story
9 (RLIN) 184141
942 ## - ADDED ENTRY ELEMENTS (KOHA)
Source of classification or shelving scheme Dewey Decimal Classification
Koha item type Books
Holdings
Lost status Source of classification or shelving scheme Damaged status Not for loan Collection code Permanent Location Current Location Shelving location Date acquired Source of acquisition Total Checkouts Full call number Date last seen Copy number Koha item type
  Dewey Decimal Classification   Not For Loan Fiction Central Library, University of Rajshahi Central Library, University of Rajshahi Reading Room 27/03/2012 Author. Rajshahi   B 891.443 MAG 2008 08/02/2017 C-1 Books